(Re-)Framing the Arab/Muslim (Record no. 30456)
[ view plain ]
| 000 -LEADER | |
|---|---|
| fixed length control field | 00617nam a2200121Ia 4500 |
| 008 - FIXED-LENGTH DATA ELEMENTS--GENERAL INFORMATION | |
| fixed length control field | 220620s9999||||xx |||||||||||||| ||und|| |
| 100 ## - MAIN ENTRY--PERSONAL NAME | |
| Personal name | Schmidt, Silke |
| 245 #0 - TITLE STATEMENT | |
| Title | (Re-)Framing the Arab/Muslim |
| Remainder of title | Mediating Orientalism in Contemporary Arab American Life Writing |
| 546 ## - LANGUAGE NOTE | |
| Language note | English[eng] |
| 650 ## - SUBJECT ADDED ENTRY--TOPICAL TERM | |
| Topical term or geographic name entry element | Anthropology||Orientalism||Framing||Life Writing||Media||9/11||Postcolonialism||Culture||Postcolonial Studies||Cultural Studies||Media Studies||America||Arab Americans||Arabs||Autobiography||Iraq||Memoir||United States |
| 856 ## - ELECTRONIC LOCATION AND ACCESS | |
| Uniform Resource Identifier | <a href="https://library.oapen.org/bitstream/20.500.12657/45548/1/627787.pdf">https://library.oapen.org/bitstream/20.500.12657/45548/1/627787.pdf</a> |
| 942 ## - ADDED ENTRY ELEMENTS (KOHA) | |
| Koha item type | E-Books |
| Withdrawn status | Lost status | Damaged status | Not for loan | Home library | Current library | Date acquired | Total Checkouts | Date last seen | Price effective from | Koha item type |
|---|---|---|---|---|---|---|---|---|---|---|
| Kerala University of Digital Sciences, Innovation and Technology Knowledge Centre | Kerala University of Digital Sciences, Innovation and Technology Knowledge Centre | 20/06/2022 | 20/06/2022 | 20/06/2022 | E-Books |